|
|
|
|
| LEADER |
00641nam a22001931a 4500 |
| 020 |
|
|
|a 9788181110824
|c 0.00
|
| 040 |
|
|
|a SSUS - Library - Kalady
|
| 082 |
|
|
|a H100 7
|b PRA/K
|
| 100 |
|
|
|a Prameela K P
|
| 245 |
|
|
|a Kavita ka stree paksh
|h [Text]
|
| 260 |
|
|
|a Mathura
|b Jawahar Pustakalaya
|c 2008
|
| 300 |
|
|
|a 208p.
|
| 600 |
|
|
|a Literature Hindi
|
| 600 |
|
|
|a Literature
|
| 600 |
|
|
|a Poetry Hindi Study
|
| 852 |
|
|
|h H100 7
|i PRA/K
|p 054805
|9 300.00
|t 0
|
| 942 |
|
|
|c BK
|
| 999 |
|
|
|c 23523
|d 23523
|
| 952 |
|
|
|0 0
|1 0
|4 0
|6 H_100_700000000000000_PRA_K
|7 0
|9 33489
|a SSUS
|b SSUS
|d 2015-01-08
|g 300.00
|l 7
|m 1
|o H100 7 PRA/K
|p 054805
|r 2020-02-10
|s 2020-02-05
|v 0.00
|w 2015-01-08
|y BK
|